Novo dicionario da lingua portuguesa e inglesa : enriquecido com os termos tecnicos do comercio e da industria, das ciencias e das artes e da linguagem familiar /

Bibliographic Details
Main Author: Michaelis, H. (Henriette), 1849-
Format: Book
Language:Portuguese
English
Published: New York : Frederick Ungar Pub. Co., [1955]
Subjects:

MARC

Tag First Indicator Second Indicator Subfields
LEADER 00000cam a2200000 4500
001 in00000215656
005 20151009055246.0
008 720428s1955 nyu d 00010 por d
010 |a  64006223  
035 |a (OCoLC)00296421 
035 |9 AAX0348AM 
040 |c HUC  |d TXA  |d UtOrBLW 
041 0 |a por  |a eng 
049 |a TXAM  |v 1 [379449]  |v 2 [379450] 
090 |a PC5333  |b .M58 1955 
100 1 |a Michaelis, H.  |q (Henriette),  |d 1849- 
245 1 0 |a Novo dicionario da lingua portuguesa e inglesa :  |b enriquecido com os termos tecnicos do comercio e da industria, das ciencias e das artes e da linguagem familiar /  |c por H. Michaelis. Incluindo as modernas regras ortograficas aprovadas pelo Governo Brasileiro, com apendices de novas palavras e frases. 
264 1 |a New York :  |b Frederick Ungar Pub. Co.,  |c [1955] 
264 4 |c [©1955] 
300 |a 2 volumes ;  |c 23 cm. 
336 |a text  |b txt  |2 rdacontent 
337 |a unmediated  |b n  |2 rdamedia 
338 |a volume  |b nc  |2 rdacarrier 
500 |a Added title page in English. 
505 0 |a pt. 1. Portugues-ingles. - pt. 2. Inglez-portuguez. 
650 0 |a Portuguese language  |v Dictionaries  |x English. 
650 0 |a English language  |v Dictionaries  |x Portuguese. 
999 |a MARS 
999 f f |s 4ed601c5-3099-3ee8-bcc0-92136e8fec3d  |i f36dbbd7-07c9-3ffa-afcd-b7ac35dea7c2  |t 0 
952 f f |p ric  |a Texas A&M University  |b Rellis Campus  |c Joint Library Facility  |s JLF  |d Remote Storage  |t 0  |e PC5333 .M58 1955  |h Library of Congress classification  |i unmediated -- volume  |k v.2  |m A14803573041 
952 f f |p ric  |a Texas A&M University  |b Rellis Campus  |c Joint Library Facility  |s JLF  |d Remote Storage  |t 0  |e PC5333 .M58 1955  |h Library of Congress classification  |i unmediated -- volume  |k v.1  |m A14803573033 
998 f f |a PC5333 .M58 1955  |s v.1-v.2  |t 0  |l Remote Storage